Vyhľadávanie a nábor zamestnancov v nedostatkových profesiách bakalárska práca

Salvato in:
Dettagli Bibliografici
Autore principale: Joštová, Kamila
Ente Autore: Fakulta podnikového manažmentu EU. Katedra manažmentu
Altri autori: Nachtmannová, Oľga, 1963-
Natura: Libro
Lingua:slovacco
Pubblicazione: Bratislava 2023
Tags: Aggiungi Tag
Nessun Tag, puoi essere il primo ad aggiungerne!!

MARC

LEADER 00000nbm a2200000 4500
001 0293710
005 20240429143403.4
041 0 |a slo 
044 |a SK 
245 1 0 |a Vyhľadávanie a nábor zamestnancov v nedostatkových profesiách  |b bakalárska práca  |c Kamila Joštová ; školiteľ: Oľga Nachtmannová 
264 1 |a Bratislava  |c 2023 
300 |a 37 s. 
100 1 |a Joštová, Kamila 
700 1 |a Nachtmannová, Oľga, 1963- 
710 2 |a Fakulta podnikového manažmentu EU. Katedra manažmentu